VAZBY MEZI ZMĚNAMI SLUNEČNÍ (GEOMAGNETICKÉ) AKTIVITY A ZMĚNAMI TEPLOTY, VÝSKYTU SRÁŽEK A VÝŠE ZEMĚDĚLSKÉ PRODUKCE

Bibliographic Details
Main Author: Bucha, Václavv (Author)
Format: Article
Language:Czech

MARC

LEADER 00000nab a2200000ua 4500
001 vtls010842122
003 SK-MaSNL
005 20260303103809.0
008 230121s1985 xo |||||||||||||||||cze|
035 |a (urnnbn)urn:nbn:sk:snk:ar-a06z0y 
035 |a urn:nbn:sk:snk-ab64ij 
035 |a (uuid)fc882c50-c519-4348-8587-d5374585adc0 
040 |a SNKBUCL  |b slo  |c SNKBUCL  |e AACR2 
041 0 |a cze 
044 |a xo  |c SK 
100 1 |a Bucha, Václavv  |4 aut  |9 1117883 
245 1 0 |a VAZBY MEZI ZMĚNAMI SLUNEČNÍ (GEOMAGNETICKÉ) AKTIVITY A ZMĚNAMI TEPLOTY, VÝSKYTU SRÁŽEK A VÝŠE ZEMĚDĚLSKÉ PRODUKCE  |c Václav Bucha 
773 0 |t Meteorologické zprávy  |g Roč. 38, č. 1 (1985), s. 1-4 
954 |a odborná, vedecká literatúra cudzojazyčná (svetová)  |2 lita 
958 |a OND 
958 |a EUIPO 
958 |a article5 
999 |c 1852011  |d 1853941